| 000 | 00630nam a2200205Ia 4500 | ||
|---|---|---|---|
| 003 | GCL | ||
| 008 | 140319s9999 xx 000 0 ara d | ||
| 040 |
_aGCL / _cGCL |
||
| 082 | 0 | 4 |
_a194 _bد ت |
| 100 | 1 | _aكمال الحاج | |
| 245 | 1 | 0 |
_aتأملات ميتافيزيقية فى الفلسفة الاولى / _cكمال الحاج |
| 700 | 1 | _aديكارت وريته | |
| 260 |
_a[S.N] : _bعويدات للنشر والطباعة ، _c1988 |
||
| 300 | _a295 ص | ||
| 490 | _a | ||
| 650 | 0 | 4 | _aالفلسفة |
| 650 | 0 | 4 | _aالفلسفة الحديثة |
| 650 | 0 | 4 | _aالفلسفة الفرنسية |
| 942 |
_2ddc _cBK |
||
| 999 |
_c36009 _d36009 |
||